| 000 | 00793nam a22002897a 4500 | ||
|---|---|---|---|
| 001 | BR8807058 | ||
| 003 | BR-BrBNA | ||
| 005 | 20230928093056.0 | ||
| 007 | ta | ||
| 008 | 230509b bl.||||| |||| 00| 0 por d | ||
| 040 |
_aBR-BrBNA _bpor _cBiblioteca Nacional de Agricultura |
||
| 041 | _a(Por) | ||
| 072 |
_aK10 _b/G514 |
||
| 090 | _ K10 BR8807058 | ||
| 100 | 1 | _aBrondani, F.E.J. | |
| 100 | 1 | _aSilva, F.L.C. da | |
| 110 | 1 |
_aSecretaria da Agricultura, Porto Alegre, RS (Brasil) _98480 |
|
| 245 | 1 | _aArborizacao de acudes e barragens [Rio Grande do Sul] | |
| 260 | 3 |
_aPorto Alegre, RS (Brasil): _c1983. |
|
| 300 | _a19 p. | ||
| 650 | _aARBORIZACAO | ||
| 650 | _aPLANTIO | ||
| 650 | _aACUDE | ||
| 650 | _aRIO GRANDE DO SUL | ||
| 909 |
_a202309 _bLucia _c55 _dLucia Elande |
||
| 942 | _cBK | ||
| 999 |
_c42854 _d42854 |
||